000 00841nam a2200265Ia 4500
003 OSt
005 20221006160532.0
006 a|||||r|||| 00| 0
007 ta
008 221006b |||||||| |||| 00| 0 eng d
024 _a45,425
037 _cDissertations
040 _aEASL
_cEASL
_beng
041 _2eng
_aeng
082 _a0000175
100 _aAJITA Padma Namgyal
_9674048
110 _aUnivesity of Delhi. Social Sciences. East Asian Studies (Delhi India)
_9665521
245 0 _aContrastive study of the terms of address in Korean and Hindi Dr.Nabin Kumar Panda
260 _c2013
300 _a107p.
_ccm.
490 _v Dis
700 _aUnivesity of Delhi. Social Sciences. East Asian Studies (Delhi India)
_9665522
942 _h0000175
_cDIS
_2CC
999 _c1113517
_d1113517